| 000 | 00644nam a2200253Ia 4500 | ||
|---|---|---|---|
| 005 | 20140319125204.0 | ||
| 008 | 140130s9999 xx 000 0 und d | ||
| 020 | _a9780439120227 | ||
| 050 |
_aPZ 7 _b.Sch378 1998 |
||
| 100 |
_aSchreiber, Anne. _928713 |
||
| 245 |
_cAnne Schreiber. _aDid you see that rabbit / |
||
| 260 |
_bScholastic iNC., _c1998. _aUSA : |
||
| 300 |
_a16 p. : _bcol. ill. ; _c20 cm. |
||
| 440 |
_v1 _931174 |
||
| 521 | _aG2 | ||
| 526 | _c440 | ||
| 650 |
_aRabbit _xJuvenile Fiction _931199 |
||
| 942 |
_cBK _2lcc |
||
| 999 |
_c42044 _d42044 |
||